Les bières les plus vendues aux mondes - Statistiques

Statistiques générales
  • Ce quiz a été pris 214 fois
  • Le résultat moyen est 2 sur 10
Statistiques - réponses
Hint Réponse % Correct
29.1M Heineken
97%
31.6M Corona
58%
40.4M Budweiser
32%
57.9M Tsingtao
17%
29.9M Skol
9%
36.7M Bud Light
8%
25.1M Coors Light
4%
74.8M Snow
4%
18.1M Brahma
1%
39.6M Yanjing
1%
Aucun quiz correspondant
Distribution des résultats
% des personnes avec chaque résultat
Percentile par nombre de réponses
Votre historique - résultats
Vous n’avez pas pris ce quiz